| 000 | 00697nam a2200241 a 4500 | ||
|---|---|---|---|
| 005 | 20140310183544.0 | ||
| 008 | 110926s19uu xx 00 eng d | ||
| 020 | _a9781844452774 | ||
| 050 |
_aQA 135.6 _b.P75 2009 |
||
| 100 | _aMooney, Claire | ||
| 245 |
_aPrimary mathematics : _bteaching theory and practice / _cClaire Mooney, et al. |
||
| 250 | _a4th ed. | ||
| 260 |
_aUnited Kingdom : _bLearning Matters, _c2009. |
||
| 300 |
_a186 p. : _bill. ; _c25 cm. |
||
| 521 | _aEDU | ||
| 650 |
_aMathematics _xStudy and teaching |
||
| 700 | _aBriggs, Mary | ||
| 700 | _aFletcher, Mike | ||
| 700 | _aHansen, Alice | ||
| 700 | _aMcCullouch, Judith | ||
| 942 |
_cBK _2lcc _kFOR |
||
| 999 |
_c24851 _d24851 |
||